000 00552nam a2200193Ia 4500
003 OSt
005 20250416172301.0
008 220927b |||||||| |||| 00| 0 eng d
020 _a9780141358017
040 _aSDCL
_cSDCL
_beng
041 _2eng
_aeng
050 _aO-,3KIN Q4 LR
100 _aKinney, Jeff
245 0 _aDiary of a wimpy kid :
_bGreg Heffley's Journal
260 _aNew York :
_b Puffin Books,
_c2014.
300 _a217p.
942 _cGB
_2CC
_n0
999 _c803174
_d803174